000 00338nam a2200121Ia 4500
008 240731s9999 xx 000 0 und d
022 _a1502-7805
245 0 _aSymbolae Osloenses : Norwegian Journal of Greek and Latin Studies
260 _bRoutledge
856 _uhttps://www.tandfonline.com/loi/sosl20
942 _2ddc
942 _cTFEJ
999 _c79634
_d79634
945 _a1
_bMadushi Gamage
_c1
_dMadushi Gamage